Distritos de Minas Gerais em um Mapa - Statistics

Estatísticas Gerais
  • Esse quiz foi jogado 203 vezes
  • A pontuação média é 57 de 1801
Respostas no mapa
Respostas codificadas por cores de uma escala verde-vermelha no mapa do quiz de acordo com a % correta abaixo.
 
Estatísticas das Respostas
Município Distrito % Correto
Belo Horizonte Belo Horizonte
78%
Uberlândia Uberlândia
63%
Uberaba Uberaba
54%
Betim Betim
51%
Ouro Preto Ouro Preto
50%
Contagem Contagem
45%
Juiz de Fora Juiz de Fora
45%
Mariana Mariana
40%
Governador Valadares Governador Valadares
39%
Brumadinho Brumadinho
35%
Montes Claros Montes Claros
35%
Ubá Ubá
34%
Diamantina Diamantina
33%
Lavras Lavras
33%
Ouro Branco Ouro Branco
33%
Pará de Minas Pará de Minas
33%
Patos de Minas Patos de Minas
33%
Sete Lagoas Sete Lagoas
33%
Divino Divino
32%
Araxá Araxá
31%
Ipatinga Ipatinga
31%
Tiradentes Tiradentes
31%
Varginha Varginha
31%
Poços de Caldas Poços de Caldas
28%
Ribeirão das Neves Ribeirão das Neves
28%
São João del Rei São João del Rei
28%
Divinópolis Divinópolis
26%
Sabará Sabará
26%
Santa Luzia Santa Luzia
26%
Nova Lima Nova Lima
25%
Três Corações Três Corações
25%
Viçosa Viçosa
24%
Barbacena Barbacena
23%
Ibirité Ibirité
23%
Pouso Alegre Pouso Alegre
23%
Teófilo Otoni Teófilo Otoni
23%
Araguari Araguari
22%
Congonhas Congonhas
22%
Itabira Itabira
22%
Belo Horizonte Barreiro
21%
Formiga Formiga
21%
Lagoa Santa Lagoa Santa
21%
Camanducaia Monte Verde
21%
Passos Passos
21%
Santa Bárbara Santa Bárbara
21%
Capitólio Capitólio
20%
Conselheiro Lafaiete Conselheiro Lafaiete
20%
Esmeraldas Esmeraldas
20%
Caratinga Caratinga
19%
Curvelo Curvelo
19%
Pedro Leopoldo Pedro Leopoldo
19%
São Francisco São Francisco
19%
Três Marias Três Marias
19%
Caeté Caeté
18%
Abaeté Abaeté
17%
Confins Confins
17%
Itajubá Itajubá
17%
Itaúna Itaúna
17%
Patrocínio Patrocínio
17%
Prata Prata
17%
Salinas Salinas
17%
Unaí Unaí
17%
Vespasiano Vespasiano
17%
Caldas Caldas
16%
Ibiá Ibiá
16%
Paracatu Paracatu
16%
Cláudio Cláudio
15%
Extrema Extrema
15%
Igarapé Igarapé
15%
Jequitinhonha Jequitinhonha
15%
Moeda Moeda
15%
Muriaé Muriaé
15%
Nanuque Nanuque
15%
Oliveira Oliveira
15%
Ouro Fino Ouro Fino
15%
São Lourenço São Lourenço
15%
São Sebastião do Paraíso São Sebastião do Paraíso
15%
Juiz de Fora Valadares
15%
Aimorés Aimorés
14%
Itabirito Itabirito
14%
Abadia dos Dourados Abadia dos Dourados
13%
Alfenas Alfenas
13%
Bonfim Bonfim
13%
Campo Belo Campo Belo
13%
Central de Minas Floresta
13%
Frutal Frutal
13%
Luz Luz
13%
Machado Machado
13%
Pedra Azul Pedra Azul
13%
São Tomé das Letras São Tomé das Letras
13%
Três Pontas Três Pontas
13%
Boa Esperança Boa Esperança
12%
Bom Despacho Bom Despacho
12%
Brasília de Minas Brasília de Minas
12%
Buritis Buritis
12%
Campina Verde Campina Verde
12%
Cristina Cristina
12%
São João Nepomuceno Ituí
12%
Ituiutaba Ituiutaba
12%
Jacutinga Jacutinga
12%
João Pinheiro João Pinheiro
12%
Lambari Lambari
12%
Monte Belo Monte Belo
12%
Monte Carmelo Monte Carmelo
12%
Nova Serrana Nova Serrana
12%
Pequi Pequi
12%
Prudente de Morais Prudente de Morais
12%
Rio Doce Rio Doce
12%
Rio Preto Rio Preto
12%
Rio Vermelho Rio Vermelho
12%
Santa Rita de Minas Santa Rita de Minas
12%
Santos Dumont Santos Dumont
12%
Baldim São Vicente
12%
Serro Serro
12%
Timóteo Timóteo
12%
Açucena Açucena
11%
Água Boa Água Boa
11%
Bandeira Bandeira
11%
Bocaiúva Bocaiúva
11%
Conceição do Mato Dentro Conceição do Mato Dentro
11%
Coronel Fabriciano Coronel Fabriciano
11%
Papagaios Papagaios
11%
Porteirinha Porteirinha
11%
Serra da Saudade Serra da Saudade
11%
Turmalina Turmalina
11%
Alvarenga Alvarenga
10%
Carangola Alvorada
10%
Andradas Andradas
10%
Arcos Arcos
10%
Cabo Verde Cabo Verde
10%
Canaã Canaã
10%
Capelinha Capelinha
10%
Caraí Caraí
10%
Carneirinho Carneirinho
10%
Carrancas Carrancas
10%
Caxambu Caxambu
10%
Coimbra Coimbra
10%
Conselheiro Pena Conselheiro Pena
10%
Corinto Corinto
10%
Delta Delta
10%
Espinosa Espinosa
10%
Ferros Ferros
10%
João Monlevade João Monlevade
10%
Lagoa Grande Lagoa Grande
10%
Leopoldina Leopoldina
10%
Manga Manga
10%
Manhuaçu Manhuaçu
10%
Monte Azul Monte Azul
10%
São Francisco Morro
10%
Palma Palma
10%
Pirapora Pirapora
10%
Pompéu Pompéu
10%
Presidente Juscelino Presidente Juscelino
10%
Presidente Olegário Presidente Olegário
10%
Rio Manso Rio Manso
10%
Sacramento Sacramento
10%
Santa Vitória Santa Vitória
10%
Ataléia São Miguel
10%
São Tiago São Tiago
10%
Jacutinga Sapucaí
10%
Sarzedo Sarzedo
10%
Mateus Leme Serra Azul
10%
São Roque de Minas Serra da Canastra
10%
Tocantins Tocantins
10%
Toledo Toledo
10%
Belo Horizonte Venda Nova
10%
Wenceslau Braz Wenceslau Braz
10%
Alagoa Alagoa
9%
Bom Sucesso Bom Sucesso
9%
Buritizeiro Buritizeiro
9%
Cana Verde Cana Verde
9%
Conquista Conquista
9%
Coromandel Coromandel
9%
Formoso Formoso
9%
Goianá Goianá
9%
Gonçalves Gonçalves
9%
Januária Januária
9%
Laranjal Laranjal
9%
Santos Dumont Mantiqueira
9%
Mato Verde Mato Verde
9%
Matozinhos Matozinhos
9%
Medeiros Medeiros
9%
Miraí Miraí
9%
Nova Ponte Nova Ponte
9%
Perdigão Perdigão
9%
Pitangui Pitangui
9%
Poço Fundo Poço Fundo
9%
Santana do Paraíso Santana do Paraíso
9%
São Gonçalo do Pará São Gonçalo do Pará
9%
São Romão São Romão
9%
Tombos Tombos
9%
Virginópolis Virginópolis
9%
Almenara Almenara
8%
Frutal Aparecida de Minas
8%
Arinos Arinos
8%
Belo Oriente Belo Oriente
8%
Biquinhas Biquinhas
8%
Brasilândia de Minas Brasilândia de Minas
8%
Cachoeira de Minas Cachoeira de Minas
8%
Campo Azul Campo Azul
8%
Francisco Sá | João Pinheiro Canabrava
8%
Capetinga Capetinga
8%
Carvalhos Carvalhos
8%
Consolação Consolação
8%
Cristais Cristais
8%
Fortaleza de Minas Fortaleza de Minas
8%
Gameleiras Gameleiras
8%
Grão Mogol Grão Mogol
8%
Guaraciaba Guaraciaba
8%
Guarani Guarani
8%
Itapecerica Itapecerica
8%
Janaúba Janaúba
8%
Jequitibá Jequitibá
8%
Mar de Espanha Mar de Espanha
8%
Mata Verde Mata Verde
8%
Veredinha Mendonça
8%
Miradouro Miradouro
8%
Moema Moema
8%
Montalvânia Montalvânia
8%
Montezuma Montezuma
8%
Morada Nova de Minas Morada Nova de Minas
8%
Teófilo Otoni Mucuri
8%
Mutum Mutum
8%
Nepomuceno Nepomuceno
8%
Nova Belém Nova Belém
8%
Ataléia Novo Horizonte
8%
Olhos-d'Água Olhos-d'Água
8%
Paiva Paiva
8%
Peçanha Peçanha
8%
Perdizes Perdizes
8%
Ponte Nova Ponte Nova
8%
Presidente Kubitschek Presidente Kubitschek
8%
Manhuaçu Realeza
8%
Riachinho Riachinho
8%
Rio Novo Rio Novo
8%
Romaria Romaria
8%
Santa Rita do Sapucaí Santa Rita do Sapucaí
8%
Cristiano Otoni São Caetano
8%
Santo Antôniodo Aventureiro São Domingos
8%
Coração de Jesus | São Geraldo São Geraldo
8%
São José da Lapa São José da Lapa
8%
São Roque de Minas São Roque de Minas
8%
Santana do Riacho Serra do Cipó
8%
Tabuleiro Tabuleiro
8%
Cachoeira de Pajeú Tancredo Neves
8%
Manhuaçu Vilanova
8%
Virgínia Virgínia
8%
Visconde do Rio Branco Visconde do Rio Branco
8%
Jaboticatubas Almeida
7%
Alvorada de Minas Alvorada de Minas
7%
Mariana Bandeirantes
7%
Bela Vista de Minas Bela Vista de Minas
7%
Bonito de Minas Bonito de Minas
7%
Córrego Danta Cachoeirinha
7%
Campanha Campanha
7%
Candeias Candeias
7%
Chapada Gaúcha Chapada Gaúcha
7%
Guanhães Guanhães
7%
Guarará Guarará
7%
Guaxupé Guaxupé
7%
Jacinto Jacinto
7%
Lagoa da Prata Lagoa da Prata
7%
Lassance Lassance
7%
Ouro Preto Lavras Novas
7%
Mateus Leme Mateus Leme
7%
Serro Milho Verde
7%
Monte Alegre de Minas Monte Alegre de Minas
7%
Paraguaçu Paraguaçu
7%
Pavão Pavão
7%
Pescador Pescador
7%
Piracema Piracema
7%
Poté Poté
7%
Presidente Bernardes Presidente Bernardes
7%
Rio Acima Rio Acima
7%
Rio Pardo de Minas Rio Pardo de Minas
7%
Salto da Divisa Salto da Divisa
7%
Santa Cruz de Minas Santa Cruz de Minas
7%
Santa Juliana Santa Juliana
7%
Itatiaiuçu Santa Terezinha de Minas
7%
Ouro Preto São Bartolomeu
7%
Santa Luzia São Benedito
7%
São João da Mata São João da Mata
7%
São João do Paraíso São João do Paraíso
7%
São Tomás de Aquino São Tomás de Aquino
7%
Serrania Serrania
7%
Vazante Vazante
7%
Vieiras Vieiras
7%
Cuparaque Aldeia
6%
Simonésia Alegria
6%
Alto Jequitibá Alto Jequitibá
6%
Baldim Baldim
6%
Bambuí Bambuí
6%
Mamonas Barrinha
6%
Belo Vale Belo Vale
6%
Nova Serrana Boa Vista de Minas
6%
Bocaina de Minas Bocaina de Minas
6%
Bom Jardim de Minas Bom Jardim de Minas
6%
Cabeceira Grande Cabeceira Grande
6%
Camanducaia Camanducaia
6%
Campanário Campanário
6%
Montalvânia Capitania
6%
Carlos Chagas Carlos Chagas
6%
Casa Grande Casa Grande
6%
Moeda Coco
6%
Dionísio Conceição de Minas
6%
Conceição do Mato Dentro Córregos
6%
Cruzeiro da Fortaleza Cruzeiro da Fortaleza
6%
Delfinópolis Delfinópolis
6%
Divinolândia de Minas Divinolândia de Minas
6%
Divisópolis Divisópolis
6%
Dom Bosco Dom Bosco
6%
Entre Rios de Minas Entre Rios de Minas
6%
Estrela do Sul Estrela do Sul
6%
Florestal Florestal
6%
Galiléia Galiléia
6%
Goiabeira Goiabeira
6%
Gouveia Gouveia
6%
Ipanema Ipanema
6%
Jaboticatubas Jaboticatubas
6%
Jordânia Jordânia
6%
Ribeirão das Neves Justinópolis
6%
Lagoa Dourada Lagoa Dourada
6%
Liberdade Liberdade
6%
Limeira do Oeste Limeira do Oeste
6%
Luislândia Luislândia
6%
Mesquita Mesquita
6%
Monte Santo de Minas Milagre
6%
Monte Formoso Monte Formoso
6%
Monte Sião Monte Sião
6%
Nepomuceno Nazaré de Minas
6%
Ninheira Ninheira
6%
Novo Oriente de Minas Novo Oriente de Minas
6%
Ouro Verde de Minas Ouro Verde de Minas
6%
Pai Pedro Pai Pedro
6%
Pedra Bonita Pedra Bonita
6%
Carlos Chagas Presidente Pena
6%
São Francisco Retiro
6%
Rio Paranaíba Rio Paranaíba
6%
Santa Efigênia de Minas Santa Efigênia de Minas
6%
Santa Fé de Minas Santa Fé de Minas
6%
Santa Helena de Minas Santa Helena de Minas
6%
São Francisco Santa Isabel de Minas
6%
Santa Margarida Santa Margarida
6%
Manhuaçu Santo Amaro de Minas
6%
São Félix de Minas São Félix de Minas
6%
Coração de Jesus | Januária São Joaquim
6%
São Vicente de Minas São Vicente de Minas
6%
Serra Azul de Minas Serra Azul de Minas
6%
Serra dos Aimorés Serra dos Aimorés
6%
Borda da Mata Sertãozinho
6%
Inhapim Tabajara
6%
Tapira Tapira
6%
Teófilo Otoni Topázio
6%
União de Minas União de Minas
6%
João Pinheiro Veredas
6%
Alterosa Alterosa
5%
Araçaí Araçaí
5%
Aricanduva Aricanduva
5%
Bicas Bicas
5%
Santa Bárbara do Tugúrio Bom Retiro
5%
Borda da Mata Borda da Mata
5%
Conselheiro Pena Bueno
5%
Caetanópolis Caetanópolis
5%
Cambuí Cambuí
5%
Capim Branco Capim Branco
5%
Águas Vermelhas Itamarati
5%
Juatuba Juatuba
5%
Maria da Fé Maria da Fé
5%
Monte Santo de Minas Monte Santo de Minas
5%
Muzambinho Muzambinho
5%
Almenara Pedra Grande
5%
Piumhi Piumhi
5%
Recreio Recreio
5%
Rio do Prado Rio do Prado
5%
Matias Cardoso Rio Verde de Minas
5%
Inhapim São Tomé de Minas
5%
Serra do Salitre Serra do Salitre
5%
Tiros Tiros
5%
Pedro Leopoldo Vera Cruz de Minas
5%
Abre Campo Abre Campo
4%
Comercinho Água Branca de Minas
4%
Coromandel Alegre
4%
Alto Caparaó Alto Caparaó
4%
Araçuaí Araçuaí
4%
Araponga Araponga
4%
Areado Areado
4%
Barão de Cocais Barão de Cocais
4%
Barroso Barroso
4%
Bom Jesus do Galho Bom Jesus do Galho
4%
Santa Maria do Suaçuí Brejo de Minas
4%
Campestre Campestre
4%
Campos Altos Campos Altos
4%
Novorizonte Campo Verde de Minas
4%
Capinópolis Capinópolis
4%
Carmo da Mata Carmo da Mata
4%
Carmo do Cajuru Carmo do Cajuru
4%
Cássia Cássia
4%
Catas Altas Catas Altas
4%
Coluna Coluna
4%
Córrego Danta Córrego Danta
4%
Brazópolis Dias
4%
Estiva Estiva
4%
Felixlândia Felixlândia
4%
Gurinhatã Flor de Minas
4%
Fronteira Fronteira
4%
Eugenópolis Gavião
4%
Ouro Preto Glaura
4%
Gonzaga Gonzaga
4%
Jequeri Grota
4%
Inconfidentes Inconfidentes
4%
Resplendor Independência
4%
Itaú de Minas Itaú de Minas
4%
Iturama Iturama
4%
Lagoa Santa Lapinha
4%
Lima Duarte Lima Duarte
4%
Manhumirim Manhumirim
4%
Mário Campos Mário Campos
4%
Natércia Natércia
4%
Nazareno Nazareno
4%
Passa Quatro Passa Quatro
4%
Perdões Perdões
4%
Piranga Piranga
4%
Prados Prados
4%
Pratinha Pratinha
4%
Raposos Raposos
4%
Raul Soares Raul Soares
4%
Rio Pomba Rio Pomba
4%
Ritápolis Ritápolis
4%
Santana do Riacho Santana do Riacho
4%
Santo Antônio do Monte Santo Antônio do Monte
4%
São Brás do Suaçuí São Brás do Suaçuí
4%
Mar de Espanha Saudade
4%
Cataguases Sereno
4%
Rio Pardo de Minas Serra Nova
4%
Tupaciguara Tupaciguara
4%
Várzea da Palma Várzea da Palma
4%
Muriaé Vermelho
4%
Volta Grande Volta Grande
4%
Acaiaca Acaiaca
3%
Água Comprida Água Comprida
3%
Águas Formosas Águas Formosas
3%
Alpercata Alpercata
3%
Alpinópolis Alpinópolis
3%
Alto Rio Doce Alto Rio Doce
3%
Alvinópolis Alvinópolis
3%
Ouro Preto Amarantina
3%
Andrelândia Andrelândia
3%
Brumadinho Aranha
3%
Araporã Araporã
3%
Araújos Araújos
3%
Arceburgo Arceburgo
3%
Augusto de Lima Augusto de Lima
3%
Bandeira do Sul Bandeira do Sul
3%
Bom Jesus do Amparo Bom Jesus do Amparo
3%
Bom Repouso Bom Repouso
3%
Ferros Borba Gato
3%
Botelhos Botelhos
3%
Brazópolis Brazópolis
3%
Santa Bárbara Brumal
3%
Bueno Brandão Bueno Brandão
3%
Buenópolis Buenópolis
3%
Cachoeira da Prata Cachoeira da Prata
3%
Ouro Preto Cachoeira do Campo
3%
Cambuquira Cambuquira
3%
Campo Florido Campo Florido
3%
Varzelândia Campo Redondo
3%
Canápolis Canápolis
3%
Caparaó Caparaó
3%
Carangola Carangola
3%
Carmo do Paranaíba Carmo do Paranaíba
3%
Carmópolis de Minas Carmópolis de Minas
3%
Cataguases Cataguases
3%
Catas Altas da Noruega Catas Altas da Noruega
3%
Cedro do Abaeté Cedro do Abaeté
3%
Centralina Centralina
3%
Claraval Claraval
3%
Barão de Cocais Cocais
3%
Conceição das Alagoas Conceição das Alagoas
3%
Conceição dos Ouros Conceição dos Ouros
3%
Congonhal Congonhal
3%
Congonhas do Norte Congonhas do Norte
3%
Cordisburgo Cordisburgo
3%
Campos Gerais Córrego do Ouro
3%
Cristiano Otoni Cristiano Otoni
3%
Crucilândia Crucilândia
3%
Desterro de Entre Rios Desterro de Entre Rios
3%
Dores do Indaiá Dores do Indaiá
3%
Elói Mendes Elói Mendes
3%
Barbacena Faria
3%
Guapé Guapé
3%
Gurinhatã Gurinhatã
3%
Campina Verde Honorópolis
3%
Ibiaí Ibiaí
3%
Igaratinga Igaratinga
3%
Iguatama Iguatama
3%
Inhaúma Inhaúma
3%
Ipaba Ipaba
3%
Itabira Ipoema
3%
Ipuiúna Ipuiúna
3%
Iraí de Minas Iraí de Minas
3%
Itamarati de Minas Itamarati de Minas
3%
Itapagipe Itapagipe
3%
Itatiaiuçu Itatiaiuçu
3%
Itutinga Itutinga
3%
Itinga Jacaré
3%
Jacuí Jacuí
3%
Jaíba Jaíba
3%
Inhapim Jerusalém
3%
Juruaia Juruaia
3%
Lagoa Formosa Lagoa Formosa
3%
Maravilhas Maravilhas
3%
Juruaia Mata do Sino
3%
Matias Barbosa Matias Barbosa
3%
Matias Cardoso Matias Cardoso
3%
Matutina Matutina
3%
Oliveira Morro do Ferro
3%
Naque Naque
3%
Nova União Nova União
3%
Paineiras Paineiras
3%
Pains Pains
3%
Paraisópolis Paraisópolis
3%
Paraopeba Paraopeba
3%
Passa Tempo Passa Tempo
3%
Desterro de Entre Rios Pereirinhas
3%
Periquito Periquito
3%
Brumadinho Piedade do Paraopeba
3%
Pimenta Pimenta
3%
Pintópolis Pintópolis
3%
Araguari Piracaíba
3%
Piranguinho Piranguinho
3%
Pouso Alto Pouso Alto
3%
Sabará Ravena
3%
Resende Costa Resende Costa
3%
Resplendor Resplendor
3%
Ribeirão Vermelho Ribeirão Vermelho
3%
Rio Casca Rio Casca
3%
Caeté Roças Novas
3%
Sabinópolis Sabinópolis
3%
Santana do Manhuaçu Santa Filomena
3%
Caldas Santana de Caldas
3%
Ouro Preto Santo Antônio do Leite
3%
São Gonçalo do Rio Abaixo São Gonçalo do Rio Abaixo
3%
São Gonçalo do Sapucaí São Gonçalo do Sapucaí
3%
São Gotardo São Gotardo
3%
São Joaquim de Bicas São Joaquim de Bicas
3%
Sapucaí-Mirim Sapucaí-Mirim
3%
Porteirinha Serra Branca de Minas
3%
Rio Manso Souza
3%
Teixeiras Teixeiras
3%
Ubaí Ubaí
3%
Itabirito Acuruí
2%
Aguanil Aguanil
2%
Tombos Água Santa de Minas
2%
Águas Vermelhas Águas Vermelhas
2%
Aiuruoca Aiuruoca
2%
Albertina Albertina
2%
Além Paraíba Além Paraíba
2%
Araguari Amanhece
2%
Arapuá Arapuá
2%
Guapé Araúna
2%
Astolfo Dutra Astolfo Dutra
2%
Itabirito Bação
2%
Santa Bárbara Barra Feliz
2%
Braúnas Braúnas
2%
Ibiracatu | Resplendor Campo Alegre de Minas
2%
Campos Gerais Campos Gerais
2%
Carandaí Carandaí
2%
Careaçu Careaçu
2%
Carmo de Minas Carmo de Minas
2%
Sabará Carvalho de Brito
2%
Uruana de Minas Cercado
2%
Estrela do Sul Chapada de Minas
2%
Comendador Gomes Comendador Gomes
2%
Brumadinho Conceição de Itaguá
2%
Conceição do Pará Conceição do Pará
2%
Coração de Jesus Coração de Jesus
2%
Paraisópolis Costas
2%
Delfim Moreira Delfim Moreira
2%
Alterosa Divino Espírito Santo
2%
Divisa Nova Divisa Nova
2%
Douradoquara Douradoquara
2%
Taquaraçu de Minas Engenho
2%
Ervália Ervália
2%
Carneirinho Fátima do Pontal
2%
Brasília de Minas Fernão Dias
2%
São Gonçalo do Sapucaí Ferreiras
2%
Fervedouro Fervedouro
2%
Araguari Florestina
2%
Fortuna de Minas Fortuna de Minas
2%
Francisco Dumont Francisco Dumont
2%
Funilândia Funilândia
2%
Grupiara Grupiara
2%
Guimarânia Guimarânia
2%
Heliodora Heliodora
2%
Juiz de Fora Humaitá de Minas
2%
Iapu Iapu
2%
Ilicínea Ilicínea
2%
Cachoeira de Minas Itaim
2%
Itamogi Itamogi
2%
Itapeva Itapeva
2%
Resende Costa Jacarandira
2%
Lagamar Lagamar
2%
Lajinha Lajinha
2%
Caldas Laranjeiras de Caldas
2%
Bom Sucesso Macaia
2%
Caraí Maranhão
2%
Itapecerica Marilândia
2%
Martinho Campos Martinho Campos
2%
Medina Medina
2%
Ouro Preto Miguel Burnier
2%
Matozinhos Mocambeiro
2%
Monjolos Monjolos
2%
Monsenhor Paulo Monsenhor Paulo
2%
Caeté Morro Vermelho
2%
Aimorés Mundo Novo de Minas
2%
Nova Era Nova Era
2%
Montes Claros Nova Esperança
2%
Nova Resende Nova Resende
2%
Olaria Olaria
2%
Onça de Pitangui Onça de Pitangui
2%
Orizânia Orizânia
2%
Mariana Padre Viegas
2%
Botelhos Palmeiral
2%
Estiva Pântano
2%
Cajuri Paraguai
2%
Caeté Penedia
2%
Piedade de Caratinga Piedade de Caratinga
2%
Porto Firme Porto Firme
2%
Pratápolis Pratápolis
2%
Quartel Geral Quartel Geral
2%
Reduto Reduto
2%
Rosário da Limeira Rosário da Limeira
2%
Juiz de Fora Rosário de Minas
2%
Mutum Roseiral
2%
Santa Maria de Itabira Santa Maria de Itabira
2%
Santana da Vargem Santana da Vargem
2%
Raul Soares Santana do Tabuleiro
2%
Santa Rita de Caldas Santa Rita de Caldas
2%
Ouro Preto Santa Rita de Ouro Preto
2%
Santa Rosa da Serra Santa Rosa da Serra
2%
São Francisco de Paula São Francisco de Paula
2%
São Francisco do Glória São Francisco do Glória
2%
São Gonçalo do Abaeté São Gonçalo do Abaeté
2%
São João Batista do Glória São João Batista do Glória
2%
São João do Oriente São João do Oriente
2%
Camanducaia São Mateus de Minas
2%
Desterro de Entre Rios São Sebastião do Gil
2%
Carneirinho São Sebastião do Pontal
2%
Simonésia Simonésia
2%
Ubaporanga Ubaporanga
2%
Urucânia Urucânia
2%
Vargem Alegre Vargem Alegre
2%
Varjão de Minas Varjão de Minas
2%
Raul Soares Vermelho Velho
2%
Rio Paranaíba Abaeté dos Mendes
1%
Alto Rio Doce Abreus
1%
Botumirim Adão Colares
1%
Águas Formosas Água Quente
1%
Cachoeira de Pajeú Águas Altas
1%
São Pedro dos Ferros Águas Férreas
1%
Paula Cândido Airões
1%
Martinho Campos Alberto Isaacson
1%
Iturama Alexandrita
1%
Alfredo Vasconcelos Alfredo Vasconcelos
1%
Bocaiúva Alto Belo
1%
Aimorés Alto do Capim
1%
Congonhas Alto Maranhão
1%
Baldim Amanda
1%
Amparo do Serra Amparo do Serra
1%
Esmeraldas Andiroba
1%
Três Marias Andrequicé
1%
Angelândia Angelândia
1%
Brasília de Minas Angicos de Minas
1%
Além Paraíba Angustura
1%
Antônio Carlos Antônio Carlos
1%
Antônio Dias Antônio Dias
1%
Caeté Antônio dos Santos
1%
Ouro Preto Antônio Pereira
1%
Antônio Prado de Minas Antônio Prado de Minas
1%
Igaratinga Antunes
1%
Aracitaba Aracitaba
1%
Açucena Aramirim
1%
Arantina Arantina
1%
Ibiá Argenita
1%
Argirita Argirita
1%
Ataléia Ataléia
1%
Mateus Leme Azurita
1%
Baependi Baependi
1%
Governador Valadares Baguari
1%
Barão de Monte Alto Barão de Monte Alto
1%
Ipatinga Barra Alegre
1%
Barra Longa Barra Longa
1%
Alfenas Barranco Alto
1%
Janaúba Barreiro da Raiz
1%
Alvinópolis Barretos de Alvinópolis
1%
Estrela do Indaiá Baú
1%
Muriaé Belisário
1%
Belmiro Braga Belmiro Braga
1%
Corinto Beltrão
1%
Berilo Berilo
1%
Berizal Berizal
1%
Bertópolis Bertópolis
1%
Bias Fortes Bias Fortes
1%
Muriaé Boa Família
1%
Belo Vale Boa Morte
1%
Carmópolis de Minas Bom Jardim das Pedras
1%
Muriaé Bom Jesus da Cachoeira
1%
Bom Jesus da Penha Bom Jesus da Penha
1%
Belo Oriente Bom Jesus do Bagre
1%
Capelinha Bom Jesus do Galego
1%
Fervedouro Bom Jesus do Madeira
1%
Barra Longa Bonfim da Barra
1%
Bonfinópolis de Minas Bonfinópolis de Minas
1%
Aguanil Boticão
1%
Botumirim Botumirim
1%
Brás Pires Brás Pires
1%
Conceição do Mato Dentro Brejaúba
1%
Bugre Bugre
1%
Martinho Campos Buriti Grande
1%
João Pinheiro Caatinga
1%
Capitão Enéas Caçarema
1%
Barão de Monte Alto Cachoeira Alegre
1%
Cachoeira de Pajeú Cachoeira de Pajeú
1%
Mariana Cachoeira do Brumado
1%
Buritizeiro Cachoeira do Manteiga
1%
Cachoeira Dourada Cachoeira Dourada
1%
Caiana Caiana
1%
Cajuri Cajuri
1%
Camacho Camacho
1%
Bocaiúva Camilo Prates
1%
Andradas Campestrinho
1%
Campo do Meio Campo do Meio
1%
Tiros Canastrão
1%
Cantagalo Cantagalo
1%
Botumirim Canta Galo de Botumirim
1%
Capela Nova Capela Nova
1%
Capitão Andrade Capitão Andrade
1%
Capitão Enéas Capitão Enéas
1%
Conceição do Mato Dentro Capitão Felizardo
1%
Caputira Caputira
1%
Caranaíba Caranaíba
1%
Carbonita Carbonita
1%
Pará de Minas Carioca
1%
Carmésia Carmésia
1%
Carmo da Cachoeira Carmo da Cachoeira
1%
Carmo do Rio Claro Carmo do Rio Claro
1%
Carvalhópolis Carvalhópolis
1%
Cascalho Rico Cascalho Rico
1%
Cachoeira de Pajeú Cateriangongo
1%
Catuji Catuji
1%
Catuti Catuti
1%
Marliéria Cava Grande
1%
Cana Verde Cerradinho
1%
Borda da Mata Cervo
1%
Chácara Chácara
1%
Belo Vale Chácara dos Cordeiros
1%
Chalé Chalé
1%
Capelinha Chapadinha do Ipê
1%
Santa Vitória Chaveslândia
1%
Chiador Chiador
1%
Cipotânea Cipotânea
1%
Palma Cisneiros
1%
Vazante Claro de Minas
1%
Barbacena Colônia Rodrigo Silva
1%
Comercinho Comercinho
1%
Conceição da Aparecida Conceição da Aparecida
1%
Conceição da Barra de Minas Conceição da Barra de Minas
1%
Conceição das Pedras Conceição das Pedras
1%
Aimorés Conceição do Capim
1%
Santa Bárbara Conceição do Rio Acima
1%
Itamarandiba Contrato
1%
Coqueiral Coqueiral
1%
Caratinga Cordeiro de Minas
1%
Cordislândia Cordislândia
1%
Coronel Pacheco Coronel Pacheco
1%
Coronel Xavier Chaves Coronel Xavier Chaves
1%
Pará de Minas Córrego do Barro
1%
Córrego do Bom Jesus Córrego do Bom Jesus
1%
Córrego Fundo Córrego Fundo
1%
Córrego Novo Córrego Novo
1%
Barbacena Correia de Almeida
1%
Guanhães Correntinho
1%
Barbacena Costas da Mantiqueira
1%
Conceição do Mato Dentro Costa Sena
1%
Ouro Fino Crisólia
1%
Uberlândia Cruzeiro dos Peixotos
1%
Cruzília Cruzília
1%
Brazópolis Cruz Vera
1%
Cuparaque Cuparaque
1%
Buenópolis Curimataí
1%
Curral de Dentro Curral de Dentro
1%
Antônio Carlos Curral Novo de Minas
1%
Diamantina Desembargador Otoni
1%
Desterro do Melo Desterro do Melo
1%
Diogo de Vasconcelos Diogo de Vasconcelos
1%
Dionísio Dionísio
1%
Divinésia Divinésia
1%
Divisa Alegre Divisa Alegre
1%
Estrela do Sul Dolearina
1%
Dom Cavati Dom Cavati
1%
Manhuaçu Dom Corrêa
1%
Dom Joaquim Dom Joaquim
1%
Caratinga Dom Lara
1%
Caratinga Dom Modesto
1%
Dom Viçoso Dom Viçoso
1%
Dores de Campos Dores de Campos
1%
Dores de Guanhães Dores de Guanhães
1%
Dores do Turvo Dores do Turvo
1%
Machado Douradinho
1%
Antônio Carlos Dr. Sá Fortes
1%
Durandé Durandé
1%
Itanhomi Edgard Melo
1%
Engenheiro Caldas Engenheiro Caldas
1%
Ouro Preto Engenheiro Correia
1%
Bocaiúva Engenheiro Dolabela
1%
Engenheiro Navarro Engenheiro Navarro
1%
Araçuaí Engenheiro Schnoor
1%
Bom Despacho Engenho do Ribeiro
1%
Entre Folhas Entre Folhas
1%
Espera Feliz Espera Feliz
1%
Araponga Estêvão de Araújo
1%
Carneirinho Estrela da Barra
1%
Estrela do Indaiá Estrela do Indaiá
1%
Eugenópolis Eugenópolis
1%
Sabinópolis Euxenita
1%
Aimorés Expedicionário Alício
1%
Fama Fama
1%
Açucena Felicina
1%
Felisburgo Felisburgo
1%
Fernandes Tourinho Fernandes Tourinho
1%
Pedro Leopoldo Fidalgo
1%
Ataléia Fidelândia
1%
Santa Bárbara Florália
1%
Alvinópolis Fonseca
1%
Frei Lagonegro Frei Lagonegro
1%
Fruta de Leite Fruta de Leite
1%
São Gotardo Funchal
1%
Mariana Furquim
1%
Barbacena Galego
1%
Presidente Olegário Galena
1%
Açucena Gama
1%
Glaucilândia Glaucilândia
1%
Santa Maria do Suaçuí Glucínio
1%
Governador Valadares Goiabal
1%
Capetinga Goianases
1%
Dom Joaquim Gororós
1%
Andradas Gramínea
1%
Abre Campo Granada
1%
Paraguaçu Guaipava
1%
Guaranésia Guaranésia
1%
São Gotardo Guarda dos Ferreiros
1%
Guarda-Mor Guarda-Mor
1%
São Sebastião do Paraíso Guardinha
1%
Guidoval Guidoval
1%
Diamantina Guinda
1%
Guiricema Guiricema
1%
Antônio Dias Hematita
1%
Ibiraci Ibiraci
1%
Martinho Campos Ibitira
1%
Ibitiúra de Minas Ibitiúra de Minas
1%
Ibituruna Ibituruna
1%
Ijaci Ijaci
1%
Imbé de Minas Imbé de Minas
1%
Mutum Imbiruçu
1%
Indianópolis Indianópolis
1%
Inhapim Inhapim
1%
Ipiaçu Ipiaçu
1%
Itacarambi Itacarambi
1%
Conceição do Mato Dentro Itacolomi
1%
Itaguara Itaguara
1%
Itaipé Itaipé
1%
Araxá Itaipu de Araxá
1%
Inhapim Itajutiba
1%
Itamarandiba Itamarandiba
1%
Itambacuri Itambacuri
1%
Itamonte Itamonte
1%
Muriaé Itamuri
1%
Itanhandu Itanhandu
1%
Itanhomi Itanhomi
1%
Itaobim Itaobim
1%
Alvorada de Minas Itapanhoacanga
1%
Santa Maria de Itabira Itauninha
1%
Itaverava Itaverava
1%
Wenceslau Braz Itererê
1%
Itinga Itinga
1%
Araçuaí Itira
1%
Itueta Itueta
1%
Itumirim Itumirim
1%
Jaguaraçu Jaguaraçu
1%
Jampruca Jampruca
1%
Senhora dos Remédios Japão
1%
Jeceaba Jeceaba
1%
Jenipapo de Minas Jenipapo de Minas
1%
Jequitaí Jequitaí
1%
Jesuânia Jesuânia
1%
Curvelo J.K.
1%
Joanésia Joanésia
1%
Conquista Jubaí
1%
Extrema Juncal
1%
Monte Belo Juréia
1%
Carangola Lacerdinha
1%
Lagoa dos Patos Lagoa dos Patos
1%
Lamim Lamim
1%
Leandro Ferreira Leandro Ferreira
1%
Berilo Lelivéldia
1%
Lagoa Formosa Limeira de Minas
1%
Lontra Lontra
1%
João Pinheiro Luizlândia do Oeste
1%
Luminárias Luminárias
1%
Brazópolis Luminosa
1%
Águas Vermelhas Machado Mineiro
1%
Bom Sucesso Machados de Bom Sucesso
1%
Bocaiúva Machados Serrano
1%
Itumirim Macuco de Minas
1%
Madre de Deus de Minas Madre de Deus de Minas
1%
São Sebastião do Maranhão Mãe dos Homens
1%
Alvinópolis Major Ezequiel
1%
Patos de Minas Major Porto
1%
Malacacheta Malacacheta
1%
Mantena Mantena
1%
Barbacena Mantiqueira do Palmital
1%
Caraí Marambainha
1%
Marilac Marilac
1%
Marliéria Marliéria
1%
Marmelópolis Marmelópolis
1%
Uberlândia Martinésia
1%
Martins Soares Martins Soares
1%
Maria da Fé Mata do Isidoro
1%
Coromandel Mateiro
1%
Matipó Matipó
1%
Mercês Mercês
1%
Minas Novas Minas Novas
1%
Mirabela Mirabela
1%
Bocaina de Minas Mirantão
1%
Miravânia Miravânia
1%
Alto Rio Doce Missionário
1%
Porteirinha Mocambinho
1%
Muzambinho Moçambo
1%
Cláudio Monsenhor João Alexandre
1%
Juvenília Monte Rei
1%
Morro da Garça Morro da Garça
1%
Morro do Pilar Morro do Pilar
1%
Munhoz Munhoz
1%
Açucena Naque-Nanuque
1%
São João Evangelista Nelson de Sena
1%
Nova Porteirinha Nova Porteirinha
1%
Novo Cruzeiro Novo Cruzeiro
1%
Novorizonte Novorizonte
1%
Piranguinho Olegário Maciel
1%
Olímpio Noronha Olímpio Noronha
1%
Porteirinha Paciência
1%
Barbacena Padre Brito
1%
Padre Carvalho Padre Carvalho
1%
Amparo do Serra Padre Felisberto
1%
Alto Jequitibá Padre Júlio Maria
1%
Padre Paraíso Padre Paraíso
1%
Água Boa Palmeira de Resplendor
1%
Capela Nova Palmeiras de Capela Nova
1%
Cabeceira Grande Palmital de Minas
1%
Buritizeiro Paredão de Minas
1%
Contagem Parque Industrial
1%
Bom Jesus do Galho Passa Dez
1%
Mariana Passagem de Mariana
1%
Passa Vinte Passa Vinte
1%
Prata Patrimônio
1%
Caratinga Patrocínio de Caratinga
1%
Paula Cândido Paula Cândido
1%
Passa Quatro Pé do Morro
1%
Periquito Pedra Corrida
1%
Pedra do Anta Pedra do Anta
1%
Carandaí Pedra do Sino
1%
Pedra Dourada Pedra Dourada
1%
Pedralva Pedralva
1%
Rio Vermelho Pedra Menina
1%
Bocaiúva Pedregulho do Vale
1%
Pedrinópolis Pedrinópolis
1%
Itamarandiba Penha de França
1%
Aimorés Penha do Capim
1%
Chiador Penha Longa
1%
Pequeri Pequeri
1%
Santa Vitória Perdilândia
1%
Belo Oriente Perpétuo Socorro
1%
Piau Piau
1%
Arinos Pic Sagarana
1%
Piedade dos Gerais Piedade dos Gerais
1%
Patos de Minas Pilar
1%
Patos de Minas Pindaíbas
1%
Pingo-d'Água Pingo-d'Água
1%
Passa Quatro Pinheirinhos
1%
Barbacena Pinheiro Grosso
1%
Pirajuba Pirajuba
1%
Piranguçu Piranguçu
1%
Muriaé Pirapanema
1%
Pirapetinga Pirapetinga
1%
Diamantina Planalto de Minas
1%
Planura Planura
1%
Santa Maria do Suaçuí Poaia
1%
Carangola Ponte Alta de Minas
1%
Barbacena Ponte do Cosme
1%
Capelinha Ponte Nova de Capelinha
1%
Ponto Chique Ponto Chique
1%
Barbacena Ponto Chique do Martelo
1%
Caraí Ponto do Marambaia
1%
Ponto dos Volantes Ponto dos Volantes
1%
Belmiro Braga Porto das Flores
1%
Campo Belo Porto dos Mendes
1%
Leme do Prado Posses
1%
Campestre Posses de São Sebastião
1%
Alfredo Vasconcelos Potreiro
1%
Bom Jesus do Galho Quartel do Sacramento
1%
Queluzito Queluzito
1%
Janaúba Quem-Quem
1%
Carmo do Paranaíba Quintinos
1%
Bonito de Minas Raizama
1%
Caeté Rancho Novo
1%
Ressaquinha Ressaquinha
1%
Brasília de Minas Retiro de Santo Antônio
1%
Bom Jesus do Galho Revés do Belém
1%
Riacho dos Machados Riacho dos Machados
1%
São Romão Ribanceira
1%
Brás Pires Ribeirão de Santo Antônio
1%
São João del Rei Rio das Mortes
1%
Rio Espera Rio Espera
1%
Rio Piracicaba Rio Piracicaba
1%
Belo Vale Roças Novasdos Bandeirantes
1%
Rochedo de Minas Rochedo de Minas
1%
Rodeiro Rodeiro
1%
Ouro Preto Rodrigo Silva
1%
Rubelita Rubelita
1%
Rubim Rubim
1%
Unaí Ruralminas
1%
Patrocínio Salitre de Minas
1%
Fervedouro Samambaia da Paz
1%
Buritizeiro Sambaíba de Minas
1%
Santa Bárbarado Monte Verde Santa Bárbarado Monte Verde
1%
Santa Bárbara do Leste Santa Bárbara do Leste
1%
Piranguinho Santa Bárbara do Sapucaí
1%
Santa Bárbara do Tugúrio Santa Bárbara do Tugúrio
1%
Botumirim Santa Cruz de Botumirim
1%
Itamarandiba Santa Joana
1%
Itamarandiba Santa Luzia de Minas
1%
Patrocínio Santa Luzia dos Barros
1%
São João do Oriente Santa Maria do Baixio
1%
Santa Maria do Suaçuí Santa Maria do Suaçuí
1%
Capitão Enéas Santana da Serra
1%
Patos de Minas Santana de Patos
1%
Santana de Pirapama Santana de Pirapama
1%
São Domingos do Prata Santana do Alfié
1%
Astolfo Dutra Santana do Campestre
1%
Santana do Deserto Santana do Deserto
1%
Santana do Jacaré Santana do Jacaré
1%
Belo Vale Santana do Paraopeba
1%
Santana dos Montes Santana dos Montes
1%
Estrela do Sul Santa Rita da Estrela
1%
Mariana Santa Rita Durão
1%
Presidente Olegário Santiago de Minas
1%
Bonfim Santo Antônioda Vargem Alegre
1%
Santo Antônio do Amparo Santo Antônio do Amparo
1%
Conceição do Mato Dentro | Nepomuceno Santo Antônio do Cruzeiro
1%
Bocaina de Minas Santo Antônio doAlto Rio Grande
1%
Santo Antônio do Jacinto Santo Antônio do Jacinto
1%
Conceição do Mato Dentro Santo Antônio do Norte
1%
Aimorés Santo Antônio do Rio Doce
1%
Fronteira Santo Antônio do Rio Grande
1%
Ouro Preto Santo Antônio do Salto
1%
São Bento Abade São Bento Abade
1%
Santa Rita de Caldas São Bento de Caldas
1%
Lagamar São Brás de Minas
1%
Capelinha São Caetano da Serra
1%
São Domingos do Prata São Domingos do Prata
1%
São Francisco de Sales São Francisco de Sales
1%
Botelhos São Gonçalo de Botelhos
1%
São João del Rei São Gonçalo do Amarante
1%
Itabirito São Gonçalo do Monte
1%
São Gonçalo do Rio Preto São Gonçalo do Rio Preto
1%
Campos Altos São Jerônimo dos Poções
1%
São João da Ponte São João da Ponte
1%
Caratinga São João do Jacutinga
1%
São João do Manhuaçu São João do Manhuaçu
1%
São José da Varginha São José da Varginha
1%
Alfredo Vasconcelos São José de Pouso Alegre
1%
São José do Alegre São José do Alegre
1%
São Roque de Minas São José do Barreiro
1%
Ubaporanga São José do Batatal
1%
Felixlândia São José do Buriti
1%
Bonito de Minas São José do Gibão
1%
São José do Goiabal São José do Goiabal
1%
São José do Jacuri São José do Jacuri
1%
Aimorés São José do Limoeiro
1%
São José do Mantimento São José do Mantimento
1%
Ouro Fino São José do Mato Dentro
1%
Pouso Alegre Sao José do Pântano
1%
Brumadinho São José do Paraopeba
1%
Carmo do Cajuru São José dos Salgados
1%
Viçosa São José do Triunfo
1%
Luislândia São Judas Tadeu de Minas
1%
São Miguel do Anta São Miguel do Anta
1%
São Pedro da União São Pedro da União
1%
Caldas São Pedro de Caldas
1%
Manhuaçu São Pedro do Avaí
1%
Fervedouro São Pedro do Glória
1%
Buritis São Pedro do Passa Três
1%
São Pedro dos Ferros São Pedro dos Ferros
1%
Iapu São Sebastião da Barra
1%
São Sebastião da Bela Vista São Sebastião da Bela Vista
1%
Belo Vale São Sebastião das Lajes
1%
Aimorés São Sebastião da Vala
1%
Belo Oriente São Sebastião de Braúnas
1%
Antônio Carlos São Sebastião de Campolide
1%
São Sebastião do Anta São Sebastião do Anta
1%
São Sebastião do Maranhão São Sebastião do Maranhão
1%
Raul Soares São Sebastião do Óculo
1%
São Sebastião do Oeste São Sebastião do Oeste
1%
Barbacena São Sebastião dos Torres
1%
Simonésia São Simão do Rio Preto
1%
Juiz de Fora Sarandira
1%
Senador Amaral Senador Amaral
1%
Senador Firmino Senador Firmino
1%
Diamantina Senador Mourão
1%
Barbacena Senhora das Dores
1%
Senhora de Oliveira Senhora de Oliveira
1%
Bocaiúva Sentinela
1%
Buritis Serra Bonita
1%
Berizal Serra do Anastácio
1%
Cabo Verde Serra dos Lemes
1%
Setubinha Setubinha
1%
Patrocínio Silvano
1%
Sete Lagoas Silva Xavier
1%
Barão de Monte Alto Silveira Carvalho
1%
Viçosa Silvestre
1%
Silvianópolis Silvianópolis
1%
Simão Pereira Simão Pereira
1%
São Tomé das Letras Sobradinho de Minas
1%
Belmiro Braga Sobragi
1%
Sobrália Sobrália
1%
Astolfo Dutra Sobral Pinto
1%
Diamantina Sopa
1%
Aimorés Tabaúna
1%
Bom Jardim de Minas Tabuão
1%
Taiobeiras Taiobeiras
1%
Taquaraçu de Minas Taquaraçu de Minas
1%
Tarumirim Tarumirim
1%
Leopoldina Tebas
1%
Januária Tejuco
1%
Bocaiúva Terra Branca
1%
Ataléia Tipiti
1%
Ibiá Tobati
1%
Porteirinha Tocandira
1%
Tocos do Moji Tocos do Moji
1%
Juiz de Fora Torreões
1%
Belmiro Braga Três Ilhas
1%
Turvolândia Turvolândia
1%
Bertópolis Umburaninha
1%
Umburatiba Umburatiba
1%
Lontra Umbuzeiro
1%
Uruana de Minas Uruana de Minas
1%
Urucuia Urucuia
1%
Ipaba Vale Verde de Minas
1%
Vargem Bonita Vargem Bonita
1%
Baldim Vargem Grande da Serra
1%
Brasília de Minas Vargem Grande do Bom Jesus
1%
São Domingos do Prata Vargem Linda
1%
Ponte Nova Vau-Açu
1%
Verdelândia Verdelândia
1%
Veredinha Veredinha
1%
Veríssimo Veríssimo
1%
Vermelho Novo Vermelho Novo
1%
Candeias Vieiras Bravos
1%
Arinos Vila Bom Jesus
1%
Brasília de Minas Vila de Fátima
1%
Janaúba Vila Nova dos Poções
1%
Campo Azul Vila São José
1%
Buritis Vila Serrana
1%
Virgolândia Virgolândia
1%
Alto Rio Doce Vitorinos
1%
Santa Juliana Zelândia
1%
Carbonita Abadia de Carbonita
0%
São Gotardo Abaeté dos Venâncios
0%
Leopoldina Abaíba
0%
Leme do Prado Acauã de Minas
0%
Santa Cruz de Salinas Água Boa de Santa Cruz
0%
Chalé Água Limpa de Chalé
0%
Conceição do Rio Verde Águas de Contendas
0%
Estrela Dalva Água Viva
0%
Formiga Albertos
0%
Governador Valadares Alto de Santa Helena
0%
Tapiraí Altolândia
0%
Santa Rita do Itueto Alto Pião
0%
Coração de Jesus Alvação
0%
Rubelita Amparo do Sítio
0%
Recreio Angaturama
0%
Curvelo Angueretá
0%
Franciscópolis Antônio Ferreira
0%
Montes Claros Aparecida do Mundo Novo
0%
Pedra Azul Araçaji de Minas
0%
Cataguases Aracati de Minas
0%
São João del Rei Arcângelo
0%
Itapeva Areias de Itapeva
0%
Coração de Jesus Aristides Batista
0%
Pará de Minas Ascensão
0%
Pocrane Assaraí
0%
Jacinto Avaí do Jacinto
0%
Delfinópolis Babilônia
0%
Formiga Baiões
0%
Minas Novas Baixa Quente
0%
Dionísio Baixa Verde
0%
Tarumirim Bananal de Baixo
0%
Tarumirim Bananal de Cima
0%
Pocrane Barra da Figueira
0%
Indaiabira Barra de Alegria
0%
Delfim Moreira BARRA DEDELFIM MOREIRA
0%
Mantena Barra do Ariranha
0%
Conselheiro Pena Barra do Cuieté
0%
Coronel Murta Barra do Salinas
0%
Mesquita Barra Grande de Mesquita
0%
Catuti Barreiro Branco
0%
Sete Lagoas Barreiro de Sete Lagoas
0%
São João do Paraíso Barrinha do Paraíso
0%
Grão Mogol Barrocão
0%
Riacho dos Machados Bem-Querer
0%
Ubaí Bentópolis de Minas
0%
Rio Manso Bernardas
0%
Raul Soares Bicuíba
0%
São Pedro da União Biguatinga
0%
Jeceaba Bituri
0%
Claro dos Poções Boa Sorte deClaro dos Poções
0%
São João do Paraíso Boa Sorte do Paraíso
0%
Itabirinha Boa União de Itabirinha
0%
Juatuba Boa Vista da Serra
0%
São João Evangelista Bom Jesus da Canabrava
0%
Ibiaí Bom Jesus da Vereda
0%
Santa Helena de Minas Bom Jesus da Vitória
0%
Carmo do Cajuru Bom Jesus de Angicos
0%
Urucânia Bom Jesus de Cardosos
0%
Divino Bom Jesus do Divino
0%
Inhapim Bom Jesus do Rio Preto
0%
Santa Rita de Ibitipoca Bom Jesus do Vermelho
0%
Resplendor Bom Pastor
0%
Patos de Minas Bom Sucesso de Patos
0%
Ibiracatu Bonança
0%
Urucuia Bonito de Urucuia
0%
Miravânia Brejão de Miravânia
0%
Governador Valadares Brejaubinha
0%
Cruzeiro da Fortaleza Brejo Bonito
0%
Januária Brejo do Amparo
0%
Varzelândia Brejo do Mutambal
0%
São João das Missões Brejo Mata Fome
0%
Conselheiro Lafaiete Buarque de Macedo
0%
Turmalina Caçaratiba
0%
Viçosa Cachoeira de Santa Cruz
0%
Chapada do Norte Cachoeira do Norte
0%
Timóteo Cachoeira do Vale
0%
Jeceaba Caetano Lopes
0%
Juiz de Fora Caetés de Minas
0%
Tarumirim Café-Mirim
0%
Pirapetinga Caiapó
0%
Tiradentes Caixa D'Água da Esperança
0%
Resplendor Calixto
0%
Mariana Camargos
0%
Santa Rosa da Serra Campo Alegre da Serra
0%
Turmalina Campo Buriti
0%
Ressaquinha Canjamba
0%
São Gonçalo do Abaeté Canoeiros
0%
Onça de Pitangui Capoeira Grande
0%
São João Nepomuceno Carlos Alves
0%
Cataguases Cataguarino
0%
Santo Antônio do Jacinto Catajás
0%
Serra do Salitre Catiara
0%
Tombos Catuné
0%
Francisco Sá Catuni
0%
Mutum Centenário
0%
Central de Minas Central de Minas
0%
Divino das Laranjeiras Central de Santa Helena
0%
Chapada do Norte Chapada do Norte
0%
Governador Valadares Chonin de Baixo
0%
Patos de Minas Chumbo
0%
Claro dos Poções Claro dos Poções
0%
Mariana Cláudio Manuel
0%
Recreio Conceição da Boa Vista
0%
Gonzaga Conceição da Brejaúba
0%
Lima Duarte Conceição da Ibitipoca
0%
São Geraldo do Baixio Conceição das Laranjeiras
0%
Conceição de Ipanema Conceição de Ipanema
0%
Rio Piracicaba Conceição de Piracicaba
0%
Coroaci Conceição de Tronqueiras
0%
Santos Dumont Conceição do Formoso
0%
Conceição do Rio Verde Conceição do Rio Verde
0%
Ladainha Concórdia do Mucuri
0%
São João da Ponte Condado do Norte
0%
São Domingos do Prata Cônego João Pio
0%
Cônego Marinho Cônego Marinho
0%
Diamantina Conselheiro Mata
0%
Corinto Contria
0%
Iguatama Corguinhos
0%
Coroaci Coroaci
0%
Coronel Murta Coronel Murta
0%
São Pedro do Suaçuí Córrego Dantas do Suaçuí
0%
Governador Valadares Córrego dos Melquíades
0%
Inhapim Córrego Januário
0%
Governador Valadares Córregos do Bernardo
0%
Couto de Magalhães de Minas Couto de Magalhães de Minas
0%
Francisco Dumont Covancas
0%
Crisólita Crisólita
0%
Teófilo Otoni Crispim Jacques
0%
Cristália Cristália
0%
Cônego Marinho Cruz dos Araújos
0%
Minas Novas Cruzinha
0%
Ferros Cubas
0%
Conselheiro Pena Cuieté Velho
0%
Datas Datas
0%
Serro Deputado Augusto Clementino
0%
Governador Valadares Derribadinha
0%
Descoberto Descoberto
0%
Sacramento Desemboque
0%
Ubá Diamante de Ubá
0%
Divino das Laranjeiras Divino das Laranjeiras
0%
São João do Manteninha Divino das Palmeiras
0%
Virgolândia Divino de Virgolândia
0%
Engenheiro Caldas Divino do Traíra
0%
Palmópolis Dois de Abril
0%
Tarumirim Dom Carloto
0%
Itamarandiba Dom Serafim
0%
Dom Silvério Dom Silvério
0%
Dona Euzébia Dona Euzébia
0%
Miraí Dores da Vitória
0%
Santos Dumont Dores do Paraibuna
0%
Doresópolis Doresópolis
0%
Jequitibá Doutor Campolina
0%
Pedro Leopoldo Doutor Lund
0%
Tiradentes Elvas
0%
São João del Rei Emboabas
0%
Mar de Espanha Engenho Novo
0%
Carlos Chagas Epaminondas Otoni
0%
Montes Claros Ermidinha
0%
Ferros Esmeraldas de Ferros
0%
Espírito Santo do Dourado Espírito Santo do Dourado
0%
Luz Esteios
0%
Estrela Dalva Estrela Dalva
0%
Jordânia Estrela de Jordânia
0%
Ewbank da Câmara Ewbank da Câmara
0%
Diamantina Extração
0%
Faria Lemos Faria Lemos
0%
Guanhães Farias
0%
Santana de Pirapama Fechados
0%
Felício dos Santos Felício dos Santos
0%
Salinas Ferreirópolis
0%
Conselheiro Pena Ferruginha
0%
Juatuba Francelinos
0%
Carvalhos Franceses
0%
Francisco Badaró Francisco Badaró
0%
Franciscópolis Franciscópolis
0%
Francisco Sá Francisco Sá
0%
Coqueiral Frei Eustáquio
0%
Frei Gaspar Frei Gaspar
0%
Frei Inocêncio Frei Inocêncio
0%
Morada Nova de Minas Frei Orlando
0%
Coronel Murta Freire Cardoso
0%
Itambacuri Frei Serafim
0%
Fronteira dos Vales Fronteira dos Vales
0%
Unaí Garapuava
0%
Joaíma Giru
0%
Cataguases Glória de Cataguases
0%
Formoso Goiasminas
0%
Porteirinha Gorutuba
0%
Imbé de Minas Graçópolis
0%
Chapada do Norte Granjas do Norte
0%
Várzea da Palma Guaicuí
0%
Guaraciama Guaraciama
0%
Jequitinhonha Guaranilândia
0%
Itambacuri Guarataia
0%
Conquista Guaxima
0%
Carandaí Hermilo Alves
0%
Ibertioga Ibertioga
0%
Ibiracatu Ibiracatu
0%
Icaraí de Minas Icaraí de Minas
0%
Tabuleiro Igrejinha do Acácio
0%
São Domingos do Prata Ilhéus do Prata
0%
Indaiabira Indaiabira
0%
Ingaí Ingaí
0%
Diamantina Inhaí
0%
Inimutaba Inimutaba
0%
Itabirinha Itabirinha
0%
Santa Rita de Jacutinga Itaboca
0%
Itacambira Itacambira
0%
Carmo do Rio Claro Itaci
0%
Itambé do Mato Dentro Itambé do Mato Dentro
0%
Espinosa Itamirim
0%
Rubim Itapiru
0%
Palma Itapiruçu
0%
Gameleiras Jacu das Piranhas
0%
Onça de Pitangui Jaguara de Minas
0%
Reduto Jaguaraí
0%
Jacinto Jaguarão
0%
Malacacheta Jaguaritira
0%
Japaraíba Japaraíba
0%
Japonvar Japonvar
0%
Prata Jardinésia
0%
Jequeri Jequeri
0%
Joaíma Joaíma
0%
Joaquim Felício Joaquim Felício
0%
José Gonçalves de Minas José Gonçalves de Minas
0%
Santana dos Montes Joselândia
0%
Josenópolis Josenópolis
0%
José Raydan José Raydan
0%
São Domingos do Prata Juiraçu
0%
Malacacheta Junco de Minas
0%
Juramento Juramento
0%
Rio Casca Jurumirim
0%
Juvenília Juvenília
0%
Ladainha Ladainha
0%
Coromandel Lagamar dos Coqueiros
0%
Cordisburgo Lagoa Bonita
0%
Rubelita Lagoa de Baixo
0%
Jaguaraçu Lagoa de Pau
0%
Pedro Leopoldo Lagoa de Santo Antônio
0%
Minas Novas Lagoa Grande de Minas Novas
0%
Lagoa Santa Lagoinha de Fora
0%
Itapecerica Lamounier
0%
São Francisco Lapa do Espírito Santo
0%
Jaguaraçu Lavrinha de Jaguaraçu
0%
Leme do Prado Leme do Prado
0%
Januária Levinópolis
0%
Mantena Limeira de Mantena
0%
Divino das Laranjeiras Linópolis
0%
Congonhas Lobo Leite
0%
Itajubá Lourenço Velho
0%
Novo Cruzeiro Lufa
0%
Luisburgo Luisburgo
0%
Coração de Jesus Luiz Pires de Minas
0%
Inhapim Macadame
0%
Divino das Laranjeiras Macedônia das Laranjeiras
0%
Machacalis Machacalis
0%
Jeceaba Machados de Minas
0%
Mamonas Mamonas
0%
São João do Paraíso Mandacaru do Paraíso
0%
Imbé de Minas Manducas
0%
Maripá de Minas Maripá de Minas
0%
Curral de Dentro Maristela de Minas
0%
Lagoa da Prata Martins Guimarães
0%
Materlândia Materlândia
0%
Mathias Lobato Mathias Lobato
0%
Esmeraldas Melo Viana
0%
Diamantina Mendanha
0%
Mendes Pimentel Mendes Pimentel
0%
Carbonita Mercadinho
0%
São Tiago Mercês de Água Limpa
0%
Sabará Mestre Caetano
0%
Minduri Minduri
0%
Ubá Miragaia
0%
Montes Claros Miralta
0%
Taiobeiras Mirandópolis
0%
Uberlândia Miraporanga
0%
Lagoa Formosa Monjolinho de Minas
0%
Mariana Monsenhor Horta
0%
Itaverava Monsenhor Isidro
0%
Carbonita Monte Belo de Carbonita
0%
São Geraldo Monte Celeste
0%
Juiz de Fora Monte Verde de Minas
0%
Catas Altas Morro D'Água Quente
0%
Porteirinha Mulungu de Minas
0%
Mirabela Muquém
0%
Nacip Raydan Nacip Raydan
0%
Natalândia Natalândia
0%
Itapecerica Neolândia
0%
Manga Nhandutiba
0%
Resplendor Nicolândia
0%
Salinas Nova Fátima de Salinas
0%
Pavão Nova Limeira
0%
Salinas Nova Matrona
0%
Japonvar Nova Minda
0%
Nova Módica Nova Módica
0%
Crisólita Nova Santa Luzia
0%
Novo Cruzeiro Novilhona
0%
Inhapim Novo Horizonte de Inhapim
0%
Funilândia Núcleo João Pinheiro
0%
Mutum Ocidente
0%
Delfinópolis Olhos D'Água da Canastra
0%
Cônego Marinho Olhos D'Água do Bom Jesus
0%
João Pinheiro Olhos d'Água do Oeste
0%
São João da Ponte Olímpio Campos
0%
Oliveira Fortes Oliveira Fortes
0%
Oratórios Oratórios
0%
Conceição do Mato Dentro Ouro Fino do Mato Dentro
0%
Matipó Padre Fialho
0%
Itamarandiba Padre João Afonso
0%
Rio Piracicaba Padre Pinto
0%
Poço Fundo Paiolinho
0%
Manhuaçu Palmeiras do Manhuaçu
0%
Setubinha Palmeiras do Vale
0%
Unaí Palmeirinha
0%
Carmo da Cachoeira Palmital do Cervo
0%
Senhora dos Remédios Palmital dos Carvalhos
0%
Palmópolis Palmópolis
0%
Januária Pandeiros
0%
Miravânia Panelinhas
0%
Montes Claros Panorâmica
0%
Coromandel Pântano de Santa Cruz
0%
Piedade do Rio Grande Paraíso da Piedade
0%
Santa Rita de Ibitipoca Paraíso Garcia
0%
Ibirité Parque Durval de Barros
0%
Passabém Passabém
0%
Patis Patis
0%
Patrocínio do Muriaé Patrocínio do Muriaé
0%
Paulistas Paulistas
0%
Pedra do Indaiá Pedra do Indaiá
0%
Pedras de Maria da Cruz Pedras de Maria da Cruz
0%
Unaí Pedras de Marilândia
0%
Serro Pedro Lessa
0%
Pedro Teixeira Pedro Teixeira
0%
Teófilo Otoni Pedro Versiani
0%
Governador Valadares Penha do Cassiano
0%
Chalé Penha do Coco
0%
Conselheiro Pena Penha do Norte
0%
Juiz de Fora Penido
0%
Nova Resende Petúnia
0%
Leopoldina Piacatuba
0%
Santa Rita de Caldas Pião
0%
Piedade de Ponte Nova Piedade de Ponte Nova
0%
Piedade do Rio Grande Piedade do Rio Grande
0%
Olhos-d'Água Pimenta de São Serafim
0%
Martins Soares Pinheiro de Minas
0%
Piranga Pinheiros Altos
0%
Eugenópolis Pinhotiba
0%
Maria da Fé Pintos Negreiros
0%
Rio Espera Piranguita
0%
Piraúba Piraúba
0%
Jequeri Piscamba
0%
Montalvânia Pitarana
0%
Sobrália Plautino Soares
0%
Paineiras Poções de Paineiras
0%
Pocrane Pocrane
0%
Conceição das Alagoas Poncianos
0%
Três Pontas Pontalete
0%
Coração de Jesus Ponte dos Ciganos
0%
Manhuaçu Ponte do Silva
0%
Presidente Olegário Ponte Firme
0%
Senador Amaral Ponte Segura
0%
Formiga Pontevila
0%
São João do Manhuaçu Pontões do SãoJoão do Manhuaçu
0%
Juvenília Porto Agrário
0%
Governador Valadares Porto das Cachoeiras
0%
Maria da Fé Posses de Maria da Fé
0%
Jequeri Pouso Alegre da Mata
0%
Lajinha Prata de Lajinha
0%
Senador Cortes Pregos
0%
Chalé Professor Sperber
0%
Leopoldina Providência
0%
Senhora de Oliveira Prudentes
0%
Quartel Geral Quartel de São João
0%
Itueta Quatituba
0%
Eugenópolis Queirozes
0%
Novo Cruzeiro Queixada
0%
Caraí Queixadinha
0%
Sabinópolis Quilombo
0%
Três Pontas Quilombo NossaSenhora do Rosário
0%
São João das Missões Rancharia e Tenda
0%
Januária Riacho da Cruz
0%
Minas Novas Ribeirão da Folha
0%
Caraí Ribeirão de Santana
0%
Olhos-d'Água Ribeirão de Santo Agostinho
0%
Santa Margarida Ribeirão de São Domingos
0%
Leopoldina Ribeiro Junqueira
0%
São Gonçalo do Sapucaí Ribeiros
0%
Rio Espera Rio Melo
0%
Teófilo Otoni Rio Pretinho
0%
São João Nepomuceno Roça Grande
0%
Monjolos Rodeador
0%
Ponte Nova Rosário do Pontal
0%
Itumirim Rosário do Rio Grande
0%
Miradouro Santa Bárbara de Miradouro
0%
Monte Belo Santa Cruz da Aparecida
0%
Galiléia Santa Cruz de Galiléia
0%
Santa Cruz de Salinas Santa Cruz de Salinas
0%
Urucuia Santa Cruz de Urucuia
0%
Santa Cruz do Escalvado Santa Cruz do Escalvado
0%
Miradouro Santa Cruz do Monte Alverne
0%
Guaranésia Santa Cruz do Prata
0%
Congonhas do Norte Santa Cruz dos Alves
0%
São João do Pacuí Santa da Pedra
0%
Caratinga Santa Efigênia de Caratinga
0%
Caraí Santa Luiza dos Corujas
0%
João Pinheiro Santa Luzia da Serra
0%
Caratinga Santa Luzia de Caratinga
0%
Itanhomi Santa Luzia do Carneiro
0%
Santa Maria do Salto Santa Maria do Salto
0%
Carbonita Santana de Carbonita
0%
Santana de Cataguases Santana de Cataguases
0%
Senhora de Oliveira Santana de Piraguara
0%
São Francisco Santana de São Francisco
0%
Ponto dos Volantes Santana do Araçuaí
0%
Pouso Alto Santana do Capivari
0%
Santana do Garambéu Santana do Garambéu
0%
Santana do Manhuaçu Santana do Manhuaçu
0%
Santa Rita de Ibitipoca Santa Rita de Ibitipoca
0%
Santa Rita de Jacutinga Santa Rita de Jacutinga
0%
Chapada do Norte Santa Rita do Araçuaí
0%
Curvelo Santa Rita do Cedro
0%
Santa Rita do Itueto Santa Rita do Itueto
0%
Mutum Santa Rita do Mutum
0%
Ferros Santa Rita do Rio do Peixe
0%
Montes Claros Santa Rosa de Lima
0%
Coromandel Santa Rosa dos Dourados
0%
Peçanha Santa Teresa do Bonito
0%
São João da Ponte Santo Antônio da Boa Vista
0%
Ferros Santo Antônio da Fortaleza
0%
Santa Cruz de Salinas Santo Antônio da Itinga
0%
Carmo do Cajuru Santo Antônio da Serra
0%
Cônego Marinho Santo Antônio da Vaca Preta
0%
Nova Belém Santo Antônio de Nova Belém
0%
Santo Antôniodo Aventureiro Santo Antôniodo Aventureiro
0%
Piranga Santo Antôniodo Pirapetinga
0%
Piranga Santo Antôniodos Quilombolas
0%
Inhapim Santo Antônio do Alegre
0%
Unaí Santo Antônio do Boqueirão
0%
Vieiras Santo Antônio do Glória
0%
Santo Antônio do Grama Santo Antônio do Grama
0%
Santo Antônio do Itambé Santo Antônio do Itambé
0%
Caratinga Santo Antônio do Manhuaçu
0%
Malacacheta Santo Antônio do Mucuri
0%
Governador Valadares Santo Antônio do Pontal
0%
Piedade do Rio Grande Santo Antônio do Porto
0%
Santo Antônio do Retiro Santo Antônio do Retiro
0%
Santo Antônio do Rio Abaixo Santo Antônio do Rio Abaixo
0%
Dom Bosco | Miraí Santo Antônio do Rio Preto
0%
São Sebastião do Maranhão Santo Antônio dos Araújos
0%
Divinópolis Santo Antônio dos Campos
0%
Pimenta Santo Hilário
0%
Santo Hipólito Santo Hipólito
0%
Cabo Verde São Bartolomeu de Minas
0%
Sem-Peixe São Bartolomeu de Sem Peixe
0%
Mirabela São Bento de Mirabela
0%
Caratinga São Cândido
0%
Lima Duarte São Domingos da Bocaina
0%
São Domingos das Dores São Domingos das Dores
0%
Estrela do Sul São Félix de Estrela
0%
Mutum São Francisco do Humaitá
0%
Itanhomi São Francisco do Jataí
0%
São Geraldo da Piedade São Geraldo da Piedade
0%
Tumiritinga São Geraldo de Tumiritinga
0%
São João Evangelista São Geraldo do Baguari
0%
São Geraldo do Baixio São Geraldo do Baixio
0%
Felixlândia São Geraldo do Salto
0%
Serro São Gonçalo doRio das Pedras
0%
Diamantina São João da Chapada
0%
Durandé São João da Figueira
0%
São João da Lagoa São João da Lagoa
0%
Laranjal São João da Sapucaia
0%
Santos Dumont São João da Serra
0%
Patrocínio São João da Serra Negra
0%
São João das Missões São João das Missões
0%
Montes Claros São João da Vereda
0%
Maria da Fé São João de Maria da Fé
0%
Mato Verde São João do Bonito
0%
São João do Manteninha São João do Manteninha
0%
São João do Pacuí São João do Pacuí
0%
Virgem da Lapa São João do Vacaria
0%
São João Evangelista São João Evangelista
0%
São João Nepomuceno São João Nepomuceno
0%
São José da Barra São José da Barra
0%
São Gotardo São José da Bela Vista
0%
Durandé São José da Figueira
0%
Dom Joaquim São José da Ilha
0%
Espera Feliz São José da Pedra Menina
0%
São José da Safira São José da Safira
0%
Santo Antônio do Monte São José das Rosas
0%
Cônego Marinho São José de Macaúbas
0%
Engenheiro Caldas São José do Acácio
0%
Miraí São José do Alegre de Miraí
0%
São José do Divino São José do Divino
0%
Inhapim São José doPeixe de Inhapim
0%
Governador Valadares São José do Itapinoã
0%
Santa Rita do Itueto São José do Itueto
0%
Senhora do Porto São José do Jacaré
0%
Itacambira São José do RioPreto de Minas
0%
Lima Duarte São José dos Lopes
0%
Inhapim São José do Taquaral
0%
Jacutinga São Luiz Gonzaga
0%
Dona Euzébia São Manoel do Guaiaçu
0%
Engenheiro Navarro São Norberto
0%
Montes Claros São Pedro da Garça
0%
Pedras de Maria da Cruz São Pedro das Tabocas
0%
Jequitinhonha São Pedro do Jequitinhonha
0%
Umburatiba São Pedro do Pampã
0%
São Pedro do Suaçuí São Pedro do Suaçuí
0%
São João da Lagoa São Roberto de Minas
0%
Chapada do Norte São Sebastião da Boa Vista
0%
São Sebastião daVargem Alegre São Sebastião daVargem Alegre
0%
Santo Antônio do Amparo São Sebastião da Estrela
0%
São João del Rei São Sebastião da Vitória
0%
Taparuba São Sebastiãode Três Barras
0%
Conceição do Mato Dentro São Sebastiãodo Bom Sucesso
0%
Periquito São Sebastião do Baixio
0%
Santa Bárbarado Monte Verde São Sebastião do Barreado
0%
Jampruca São Sebastião do Barroso
0%
Ubaporanga São Sebastião do Batatal
0%
Coroaci São Sebastião do Bugre
0%
São Sebastião do Rio Preto São Sebastião do Rio Preto
0%
São Sebastião do Rio Verde São Sebastião do Rio Verde
0%
Manhuaçu São Sebastião do Sacramento
0%
Santa Cruz do Escalvado São Sebastião do Soberbo
0%
Montalvânia São Sebastião dos Poções
0%
Jacutinga São Sebastião dos Robertos
0%
Raul Soares São Vicente da Estrela
0%
Jequeri São Vicente do Grama
0%
Tarumirim São Vicente do Rio Doce
0%
Governador Valadares São Vítor
0%
Caratinga Sapucaia
0%
Guanhães Sapucaia de Guanhães
0%
Galiléia Sapucaia do Norte
0%
Sardoá Sardoá
0%
Sem-Peixe Sem-Peixe
0%
Senador Cortes Senador Cortes
0%
Senador José Bento Senador José Bento
0%
Coronel Fabriciano Senador Melo Viana
0%
Senador Modestino Gonçalves Senador Modestino Gonçalves
0%
Santo Hipólito Senhora da Glória
0%
Fernandes Tourinho Senhora da Penha
0%
Itabira Senhora do Carmo
0%
Senhora do Porto Senhora do Porto
0%
Conceição do Mato Dentro Senhora do Socorro
0%
Senhora dos Remédios Senhora dos Remédios
0%
Sericita Sericita
0%
Seritinga Seritinga
0%
Chapada Gaúcha Serra das Araras
0%
Entre Rios de Minas Serra do Camapuã
0%
Miradouro Serrania do Brigadeiro
0%
Serranópolis de Minas Serranópolis de Minas
0%
Serranos Serranos
0%
Ferros Sete Cachoeiras
0%
Pompéu Silva Campos
0%
Silveirânia Silveirânia
0%
São João da Ponte Simão Campos
0%
Ressaquinha Simão Tamm
0%
Soledade de Minas Soledade de Minas
0%
Poté Sucanga
0%
São João das Missões Sumaré I
0%
Conceição do Mato Dentro Tabuleiro do Mato Dentro
0%
Porteirinha Tanque de Porteirinha
0%
Taparuba Taparuba
0%
Tapiraí Tapiraí
0%
Uberlândia Tapuirama
0%
Guanhães Taquaral de Guanhães
0%
Itinga Taquaral de Minas
0%
São João Nepomuceno Taruaçu
0%
Tarumirim Taruaçu de Minas
0%
Pará de Minas Tavares de Minas
0%
Francisco Badaró Tocoiós de Minas
0%
Curvelo Tomás Gonzaga
0%
Datas Tombadouro
0%
Pará de Minas Torneiros
0%
São Francisco Travessão de Minas
0%
Serro Três Barras da Estrada Real
0%
Conceição do Mato Dentro Três Barras do Mato Dentro
0%
Olhos-d'Água Três Dias
0%
Volta Grande Trimonte
0%
Itapeva Tropical Flores
0%
Guiricema Tuiutinga
0%
Tumiritinga Tumiritinga
0%
Medina Tuparecê
0%
Ubá Ubari
0%
Tarumirim Vai-Volta
0%
Poté Valão
0%
Pirapetinga Valão Quente
0%
Grão Mogol Vale das Cancelas
0%
Santo Hipólito Valo Fundo
0%
Ressaquinha Vargem do Amargoso
0%
São João do Manteninha Vargem Grande de Minas
0%
Vargem Grande do Rio Pardo Vargem Grande do Rio Pardo
0%
Miradouro Varginha de Miradouro
0%
Januária Várzea Bonita
0%
Itamarandiba Várzea de Santo Antônio
0%
Varzelândia Varzelândia
0%
Urucuia Vereda Grande
0%
Pintópolis Vila Acari
0%
Chapada Gaúcha Vila Bom Jesus de Minas
0%
Pains Vila Costina
0%
Rio do Prado Vila Formosa de Minas
0%
Nanuque Vila Gabriel Passos
0%
Governador Valadares Vila Nova Brasília
0%
Montes Claros Vila Nova de Minas
0%
Governador Valadares Vila Nova Floresta
0%
Nanuque Vila Pereira
0%
Chapada Gaúcha Vila Retiro Velho
0%
Guiricema Vilas Boas
0%
Grão Mogol Vila Sítio
0%
Pai Pedro Vila Sudário
0%
Carmo do Rio Claro Vilelândia
0%
Divino Viletes
0%
São Geraldo da Piedade Vinhático
0%
Virgem da Lapa Virgem da Lapa
0%
Miravânia Virgínio
0%
Cataguases | Claro dos Poções Vista Alegre
0%
Governador Valadares Xonin
0%
Santa Cruz do Escalvado Zito Soares
0%
Nenhum quiz correspondente encontrado
Distribuição das Pontuações
Porcentagem de Pessoas com Cada Pontuação
Percentil de Números Respondidos
Sua Pontuação Histórica
Você não jogou esse quiz